000 00981nam a22003017a 4500
003 DO-SdBNP
005 20180205111605.0
008 180205b 2000 sp a || 00| 0 spa d
017 _a
_b
020 _a8422681625
035 _a
040 _aBPMSU
_bspa
_cBPMSU
_e
082 4 _a833.92
_bB848u
100 1 _aBrezina, Thomas
_d1963-
240 1 0 _aAlle meine monster familie fürchterlich
_lespañol
245 1 0 _aLa familia horrible /
_cThomas Brezina ; ilustraciones Bernhard Förth ; traducción José Antonio Santiago-Tagle
_h
260 _aBarcelona :
_bCírculo de Lectores,
_c2000
300 _a125 p.:
_bil.;
_c20 cm
490 0 _aTodos mis monstruos
650 4 _aCUENTOS INFANTILES ALEMANES
650 4 _aLITERATURA INFANTIL ALEMANA
700 1 _aFörth, Bernhard
_eil.
700 1 _aSantiago-Tagle,José Antonio
_etr.
830 _aTodos mis monstruos
942 _2ddc
_cBK
945 _aInventariado, 2018/ YL
956 _aYLOCKWARD
_b10
_cBPMSU
999 _c13265
_d13265